[Event "Ruhrgebiet Regionalliga 0304"]
[Site "Ruhrgebiet"]
[Date "2004.02.15"]
[Round "6.7"]
[White "Schenkmann, Eduard"]
[Black "Wyrwich, Markus"]
[Result "1-0"]
[WhiteElo "1914"]
[BlackElo "2087"]
[PlyCount "103"]
[EventDate "2003.10.05"]
[EventType "team"]
[EventRounds "9"]
[EventCountry "GER"]
[SourceTitle "EXT 2007"]
[Source "ChessBase"]
[SourceDate "2006.11.23"]
[SourceVersion "1"]
[SourceVersionDate "2006.11.23"]
[SourceQuality "1"]
[WhiteTeam "Kamen"]
[BlackTeam "Bochum 31 II"]
[WhiteTeamCountry "GER"]
[BlackTeamCountry "GER"]

1. d4 d5 2. Nf3 Nf6 3. c4 c6 4. cxd5 cxd5 5. Nc3 a6 6. Bg5 Ne4 7. Bh4 Nc6 8. e3 Qa5 9. Qb3 e6 10. Be2 Bb4 11. Rc1 Nxc3 12. bxc3 Ba3 13. Rb1 b5 14. 0-0 0-0 15. Qc2 Bd7 16. Ng5 g6 17. e4 Rac8 18. e5 Nxd4 19. Qd1 Nf5 20. g3 Nxh4 21. gxh4 Rxc3 22. h5 Qc7 23. Qd4 Bc5 24. Qh4 Qxe5 25. hxg6 Qg7 26. gxh7+ Kh8 27. Kh1 f6 28. Rg1 Bxf2 29. Nf7+ Qxf7 30. Qxf2 Qxh7 31. Rb4 d4 32. Rg4 Bc6+ 33. Kg1 Rh3 34. Rbxd4 Rh6 35. Rh4 Rg8+ 36. Kf1 Qb1+ 37. Bd1 Rgg6 38. Rd8+ Kh7 39. Qa7+ Rg7 40. Rxh6+ Kxh6 41. Qe3+ Kg6 42. Qg3+ Kf7 43. Qc7+ Kg6 44. Qxc6 Qxa2 45. Bc2+ f5 46. Bxf5+ Kxf5 47. Qf3+ Ke5 48. Qc3+ Ke4 49. Qd4+ Kf5 50. Rf8+ Kg6 51. Qg4+ Kh6 52. Qh4+ 1-0

[Event "Ruhrgebiet Regionalliga 0304"]
[Site "Ruhrgebiet"]
[Date "2003.11.16"]
[Round "3.7"]
[White "Thelen, Thomas"]
[Black "Schenkmann, Eduard"]
[Result "1/2-1/2"]
[WhiteElo "2069"]
[BlackElo "1914"]
[PlyCount "92"]
[EventDate "2003.10.05"]
[EventType "team"]
[EventRounds "9"]
[EventCountry "GER"]
[SourceTitle "EXT 2007"]
[Source "ChessBase"]
[SourceDate "2006.11.23"]
[SourceVersion "1"]
[SourceVersionDate "2006.11.23"]
[SourceQuality "1"]
[WhiteTeam "Wattenscheid III"]
[BlackTeam "Kamen"]
[WhiteTeamCountry "GER"]
[BlackTeamCountry "GER"]

1. d4 Nf6 2. c4 e6 3. Nf3 b6 4. g3 Bb7 5. Bg2 Be7 6. 0-0 0-0 7. d5 exd5 8. Nh4 Re8 9. cxd5 d6 10. Nc3 Nbd7 11. Nf5 Ne5 12. f4 Ng6 13. e4 Bf8 14. Be3 Ne7 15. Nxe7+ Qxe7 16. Bd4 Nd7 17. Qf3 c5 18. Bf2 Rab8 19. a4 g6 20. g4 Bg7 21. Bg3 a6 22. Rae1 Qf8 23. g5 b5 24. axb5 axb5 25. e5 dxe5 26. f5 b4 27. Nd1 gxf5 28. Qxf5 Bc8 29. Qd3 c4 30. Qxc4 Qc5+ 31. Ne3 Qxc4 32. Nxc4 Ba6 33. Nd6 Bxf1 34. Nxe8 Bxg2 35. Nxg7 Bxd5 36. Nh5 Bf3 37. Nf6+ Nxf6 38. gxf6 Re8 39. Bxe5 h5 40. Kf2 Bg4 41. Kg3 Bf5 42. Kf4 Bg6 43. Rc1 Kh7 44. Rc4 b3 45. Rc3 Bc2 46. Re3 Rg8 1/2-1/2

[Event "Ruhrgebiet Regionalliga 0304"]
[Site "Ruhrgebiet"]
[Date "2003.10.26"]
[Round "2.5"]
[White "Schenkmann, Eduard"]
[Black "Goralski, Christian"]
[Result "1-0"]
[WhiteElo "1914"]
[BlackElo "2043"]
[PlyCount "125"]
[EventDate "2003.10.05"]
[EventType "team"]
[EventRounds "9"]
[EventCountry "GER"]
[SourceTitle "EXT 2007"]
[Source "ChessBase"]
[SourceDate "2006.11.23"]
[SourceVersion "1"]
[SourceVersionDate "2006.11.23"]
[SourceQuality "1"]
[WhiteTeam "Kamen"]
[BlackTeam "Bochum SV 02"]
[WhiteTeamCountry "GER"]
[BlackTeamCountry "GER"]

1. d4 d5 2. c4 dxc4 3. Nf3 Nf6 4. e3 e6 5. Bxc4 c5 6. 0-0 a6 7. a4 Nc6 8. Nc3 Qc7 9. Qe2 Be7 10. d5 exd5 11. Bxd5 0-0 12. Bxc6 Qxc6 13. e4 Bg4 14. Ne5 Bxe2 15. Nxc6 bxc6 16. Nxe2 Nxe4 17. f3 Nd6 18. Bf4 Nf5 19. Rac1 Rad8 20. Rfd1 Rxd1+ 21. Rxd1 Nd4 22. Kf1 Ne6 23. Be5 Rd8 24. Rxd8+ Nxd8 25. Ng3 g6 26. Ne4 f5 27. Nd6 Nf7 28. Nxf7 Kxf7 29. Ke2 Ke6 30. Bc3 Kd5 31. Kd3 c4+ 32. Ke2 Bc5 33. Kd2 Bg1 34. h3 c5 35. Ke2 Bd4 36. Kd2 h5 37. Kc2 h4 38. Ba5 Bf2 39. Bc3 Be3 40. Ba5 Bg5 41. Bc3 Bd8 42. Bg7 g5 43. Bc3 Bc7 44. Bd2 Bd8 45. Bc3 g4 46. hxg4 fxg4 47. fxg4 Ke4 48. Bd2 Bf6 49. Bh6 Bd4 50. Bg5 Ke5 51. Bxh4 Kf4 52. Be1 Kxg4 53. b3 cxb3+ 54. Kxb3 Kf5 55. Kc4 Ke6 56. Bd2 Kd6 57. g4 Kc6 58. g5 Bg7 59. Be3 Kb6 60. Bxc5+ Ka5 61. Kb3 Be5 62. Be7 Bg7 63. Bd8# 1-0